000 00865nas a2200265 4500
001 BR2012002475
003 BR-BrBNA
005 20231205120410.0
007 ta
008 230509b bl.|||p| |||| 00| 00por d
040 _aBR-BrBNA
_bpor
_cBiblioteca Nacional de Agricultura
041 _a(Pt)
072 _aK70
100 1 _aFernandes, M. do C.
100 1 _aCoura, P.H.F.
100 1 _aSousa, G.M. de
100 1 _aAvelar, A. de S.
245 1 _aAvaliação geoecológica de susceptibilidade à ocorrência de incêndios no estado do Rio de Janeiro, Brasil
650 _aINCÊNDIO FLORESTAL
650 _aZONEAMENTO FLORESTAL
650 _aPRESERVAÇÃO DA NATUREZA
773 0 _tFloresta e Ambiente (Brazil)
_xISSN 1415-0980
_g(Jul-Sep 2011), v. 18(3) p. 299-309
_wBR2012002475
909 _a202311
_bLúcia
_c55
_dLúcia Elande
942 _2AGRIS
_n0
_cANA
999 _c218306
_d218306